[Event "FRA-chT3 Gr14 0607"]
[Site "France"]
[Date "2007.02.11"]
[Round "6.3"]
[White "Pozuelo, Jose"]
[Black "Petit, Rene"]
[Result "1/2-1/2"]
[WhiteElo "2090"]
[BlackElo "2058"]
[PlyCount "82"]
[EventDate "2006.10.15"]
[EventType "team"]
[EventRounds "9"]
[EventCountry "FRA"]
[SourceTitle "EXT 2008"]
[Source "ChessBase"]
[SourceDate "2007.11.25"]
[SourceVersion "1"]
[SourceVersionDate "2007.11.25"]
[SourceQuality "1"]

1. e4 c5 2. Nc3 Nc6 3. g3 g6 4. Bg2 Bg7 5. d3 e6 6. Be3 d6 7. Qd2 Rb8 8. Nf3 Nd4 9. 0-0 b5 10. Kh1 Ne7 11. Nh4 b4 12. Nd1 e5 13. f4 exf4 14. Bxf4 0-0 15. c3 bxc3 16. bxc3 Ne6 17. Bh6 Ba6 18. Bxg7 Nxg7 19. Ne3 Qd7 20. Rf6 Ne8 21. Rf2 Qb5 22. c4 Qb4 23. Qc1 Bc8 24. Bf3 Be6 25. Bg4 Ng7 26. Nhg2 Nc6 27. Nf4 Ne5 28. Be2 Qb7 29. Ned5 Bxd5 30. Nxd5 f5 31. Qe3 fxe4 32. dxe4 Rxf2 33. Qxf2 Rf8 34. Qe3 Qb2 35. Rf1 Rxf1+ 36. Bxf1 Ng4 37. Ne7+ Kh8 38. Qe2 Nf2+ 39. Kg2 Qxe2 40. Bxe2 Nxe4 41. Bd3 Nc3 1/2-1/2

[Event "Geneve op"]
[Site "Geneve"]
[Date "1996.??.??"]
[Round "4"]
[White "Bennett, John"]
[Black "Petit, Rene"]
[Result "1/2-1/2"]
[WhiteElo "2190"]
[BlackElo "2120"]
[PlyCount "80"]
[EventDate "1996.01.??"]
[EventType "swiss"]
[EventRounds "9"]
[EventCountry "SUI"]
[SourceTitle "CBM 051 Extra"]
[Source "ChessBase"]
[SourceDate "1996.05.01"]
[SourceVersion "1"]
[SourceVersionDate "1996.05.01"]
[SourceQuality "1"]

1. d4 Nf6 2. c4 e6 3. Nf3 Bb4+ 4. Nbd2 b6 5. g3 Bb7 6. Bg2 c5 7. a3 Bxd2+ 8. Bxd2 0-0 9. 0-0 cxd4 10. Bb4 Re8 11. Bd6 Qc8 12. Qxd4 Nc6 13. Qh4 Ne7 14. Bxe7 Rxe7 15. Rac1 d6 16. Rfd1 Rd7 17. Qf4 Qd8 18. h4 Rc8 19. Bh3 h6 20. g4 Ne4 21. g5 hxg5 22. Nxg5 Nxg5 23. hxg5 Rc5 24. b4 Rxg5+ 25. Kh2 d5 26. cxd5 Rgxd5 27. Rg1 g5 28. e4 Kf8 29. Qf3 Rd3 30. Qh5 Qf6 31. Qxg5 Qxg5 32. Rxg5 Rxa3 33. e5 Ra2 34. Kg1 Rb2 35. Bg2 Bxg2 36. Kxg2 a5 37. bxa5 bxa5 38. Rc8+ Ke7 39. Rgg8 Rdb7 40. Rge8+ Kd7 1/2-1/2

[Event "Metz op 14th"]
[Site "Metz"]
[Date "1996.??.??"]
[Round "?"]
[White "Bogdanov, Valentin"]
[Black "Petit, Rene"]
[Result "1-0"]
[WhiteElo "2450"]
[BlackElo "2120"]
[PlyCount "33"]
[EventDate "1996.04.??"]
[EventType "swiss"]
[EventRounds "9"]
[EventCountry "FRA"]
[SourceTitle "EXT 1998"]
[Source "ChessBase"]
[SourceDate "1997.11.17"]
[SourceVersion "1"]
[SourceVersionDate "1997.11.17"]
[SourceQuality "1"]

1. d4 Nf6 2. Nf3 e6 3. c4 Bb4+ 4. Bd2 Qe7 5. g3 Nc6 6. Nc3 Bxc3 7. Bxc3 Ne4 8. Qc2 f5 9. Bg2 0-0 10. 0-0 b6 11. d5 Nd8 12. Nh4 exd5 13. cxd5 Nd6 14. Bb4 c5 15. dxc6 dxc6 16. Rad1 N8b7 17. Qxc6 1-0

[Event "Budapest FS08 IM-A"]
[Site "Budapest"]
[Date "1995.??.??"]
[Round "5"]
[White "Boros, Daniel"]
[Black "Petit, Rene"]
[Result "1-0"]
[WhiteElo "2325"]
[BlackElo "2155"]
[PlyCount "75"]
[EventDate "1995.08.??"]
[EventType "tourn"]
[EventRounds "13"]
[EventCountry "HUN"]
[EventCategory "3"]
[SourceTitle "EXT 1997"]
[Source "ChessBase"]
[SourceDate "1996.11.15"]
[SourceVersion "1"]
[SourceVersionDate "1996.11.15"]
[SourceQuality "1"]

1. e4 c5 2. Nf3 d6 3. d4 cxd4 4. Nxd4 Nf6 5. Nc3 a6 6. Bc4 e6 7. Bb3 b5 8. 0-0 Be7 9. a4 b4 10. Na2 a5 11. c3 0-0 12. cxb4 axb4 13. Bc2 Bb7 14. Nxb4 Qb6 15. Nb5 Nxe4 16. Be3 Qa5 17. Nd3 Nc6 18. Qg4 f5 19. Qe2 e5 20. f3 Nf6 21. b4 Qd8 22. Rfd1 Qb8 23. Rac1 Kh8 24. Bb3 e4 25. fxe4 fxe4 26. Nf4 Nxb4 27. Rc7 Bd8 28. Rxg7 Kxg7 29. Ne6+ Kh8 30. Nxf8 Be7 31. Ne6 Nbd5 32. Bd4 Qc8 33. Bxd5 Bxd5 34. Nec7 Bc6 35. Nxa8 Qxa8 36. Qf2 Kg7 37. Nxd6 Kg6 38. Qf5+ 1-0

[Event "Budapest FS08 IM-A"]
[Site "Budapest"]
[Date "1995.??.??"]
[Round "13"]
[White "Petit, Rene"]
[Black "Gonzalez, J."]
[Result "0-1"]
[WhiteElo "2155"]
[BlackElo "2375"]
[PlyCount "74"]
[EventDate "1995.08.??"]
[EventType "tourn"]
[EventRounds "13"]
[EventCountry "HUN"]
[EventCategory "3"]
[SourceTitle "EXT 1997"]
[Source "ChessBase"]
[SourceDate "1996.11.15"]
[SourceVersion "1"]
[SourceVersionDate "1996.11.15"]
[SourceQuality "1"]

1. e4 c5 2. Nf3 d6 3. d4 cxd4 4. Nxd4 Nf6 5. Nc3 Nc6 6. Be3 e5 7. Nb3 Be7 8. f3 Be6 9. Qd2 a5 10. Qf2 a4 11. Nd2 a3 12. b3 0-0 13. Bb6 Qc8 14. Nc4 Nb4 15. Bd3 d5 16. exd5 Nxd3+ 17. cxd3 Bb4 18. 0-0 Bxc3 19. dxe6 Bxa1 20. exf7+ Rxf7 21. Rxa1 Qe6 22. Re1 Nd7 23. Bc7 Qc6 24. Bxe5 b5 25. Nd2 Qc2 26. Bd4 Qxa2 27. Qe3 Qc2 28. Ne4 Re8 29. b4 Qb3 30. Qd2 Rfe7 31. Ra1 Nf8 32. Bc5 Re6 33. Bxf8 Rxf8 34. Nc5 Qb2 35. Ra2 Qxd2 36. Rxd2 Re1+ 37. Kf2 Rb1 0-1

[Event "FRA-chT"]
[Site "France"]
[Date "1994.??.??"]
[Round "8"]
[White "Petit, Rene"]
[Black "Levacic, Damir"]
[Result "1/2-1/2"]
[WhiteElo "1940"]
[BlackElo "2330"]
[PlyCount "82"]
[EventDate "1994.??.??"]
[EventType "team"]
[EventRounds "11"]
[EventCountry "FRA"]
[SourceTitle "EXT 1999"]
[Source "ChessBase"]
[SourceDate "1998.11.16"]
[SourceVersion "1"]
[SourceVersionDate "1998.11.16"]
[SourceQuality "1"]

1. e4 c5 2. Nf3 Nc6 3. d4 cxd4 4. Nxd4 Nf6 5. Nc3 d6 6. Bg5 e6 7. Qd2 Be7 8. 0-0-0 Nxd4 9. Qxd4 0-0 10. Kb1 Qa5 11. Bd2 Qc7 12. f4 a6 13. h3 b5 14. Bd3 e5 15. Qf2 Bb7 16. Qf3 Rac8 17. g4 b4 18. Nd5 Nxd5 19. exd5 Qa5 20. Qe4 f5 21. Qxb4 Qxb4 22. Bxb4 e4 23. Be2 fxg4 24. Bxg4 Rc4 25. Be6+ Kh8 26. Bd2 Bh4 27. b3 Rc7 28. c4 Bf2 29. f5 Bc8 30. Bb4 Bg3 31. Rhg1 Be5 32. Rg4 Rxf5 33. Rxe4 Rf6 34. Rxe5 dxe5 35. d6 Rd7 36. Bxd7 Bxd7 37. c5 Rf7 38. Re1 e4 39. Kb2 Bc6 40. Bd2 Kg8 41. Kc3 Rf5 1/2-1/2